Statistics for Sand In My Boots- Morgan Wallen (all lyrics)

Click here to take the quiz!

General Stats

  • This quiz has been taken 223 times
  • The average score is 216 of 286

Answer Stats

HintAnswer% Correct
a
98%
.I
98%
.me
96%
my
95%
So
95%
in
94%
some
94%
.was
94%
she
93%
.She
93%
.to"
92%
to
92%
.said
90%
.you
90%
the
89%
.never
88%
by
87%
with
86%
now
85%
.where
85%
.asked
84%
but
84%
.from
84%
that
84%
That
84%
back
83%
I'm
83%
potholes
83%
dodging
82%
.been
80%
boots
80%
."Somewhere
80%
We
80%
we
80%
And
79%
and
79%
outside
79%
sand
79%
Silverado
79%
Like
78%
like
78%
of
78%
town
78%
Little
76%
sunburnt
76%
Knoxville
75%
on
75%
Yeah
75%
Yeah,
75%
heart
74%
trees
74%
beach
72%
dogwood
71%
broke
70%
all
68%
accent
67%
Desperado
67%
right
66%
water
66%
brought
65%
hands
65%
talkin'
65%
blue
64%
held
64%
Red
64%
tried
63%
roots
62%
into
61%
flip-flops
60%
her
60%
see
60%
Tennessee
60%
way
60%
Wings
60%
go
59%
love
59%
left
58%
stars
57%
bout
56%
home"
56%
kissed
56%
drink
55%
Eastern
55%
"Maybe
55%
maybe
55%
tells
55%
whiskey?"
55%
"Don't
54%
Somethin'
54%
headed
53%
she'd
53%
cowboy's
52%
drank
52%
for
52%
"Girl
52%
ones
52%
shoot
51%
them
51%
"Let's
49%
myself
49%
seen
49%
should
49%
sky
49%
bottom
48%
"Damn
48%
looks
48%
waded
47%
bar
46%
tequila"
46%
perfect"
45%
walked
45%
you've
45%
shelf
44%
told
44%
Hidden
41%
"Meet
40%
crazy
38%
mornin'"
37%
still
37%
thought
36%
up
36%
show
33%
Ah,
8%

Score Distribution

Percentile by Number Answered

Percent of People with Each Score

Your Score History

You have not taken this quiz